000 00478nam a2200169 a 4500
001 000019341
005 20200929170005.0
008 100624s|||| sp 000 f spa d
040 _aDO-SdBNP
_bspa
_cBNPHU
082 _annnn
_bB198b
100 1 _aBalzac, H. de,
_d1799- 1850
_941573
245 1 3 _aLa busqueda de los absoluto /
_cH. de Balzac.
260 _a[París] :
_bNuevo Mundo,
_c[s.f.].
300 _a167 p. ;
_c20 cm.
910 _aCatalogación original
049 _aBNGR
999 _c18858
_d18858